000 01332nam a22003617a 4500
003 CHAP
005 20220329140931.0
008 971013s1995 r 00010 d
010 _a60016
011 _a60988
035 _a65152
040 _cCHAP
090 _aTesis
100 0 0 _aContreras Amaro, Héctor Alejandro.
_927457
245 _aEfecto de la aplicación de ethel y CuCl2 en dos cultivares de chile (Capsicum annum L.) serrano y jalapeño en postcosecha
260 _aChapingo, Méx. :
_bEl autor,
_c1995
300 _a37 h.
502 _aTesis (Ing. Agr. Esp. en Fitotecnia) .-- UACH. Departamento de Fitotecnia
590 _aALEPH
_b10
_c20130110
_lUCH01
_h1338
590 _aBATCH-UPD
_b10
_c20130110
_lUCH01
_h0438
590 _aBATCH-UPD
_b10
_c20130110
_lUCH01
_h2257
590 _aBATCH-UPD
_b10
_c20130410
_lUCH01
_h0114
590 _aBATCH-UPD
_b10
_c20130410
_lUCH01
_h1550
590 _aBATCH-UPD
_b10
_c20130914
_lUCH01
_h0924
590 _aCONVERSION
_b10
_c20130109
_lUCH01
_h1332
650 1 4 _aAcido cloroetilfosfonico 2.
_9578
650 1 4 _aChile jalapeño
_xTecnología postcosecha.
_922438
650 1 4 _aChile serrano
_xTecnología postcosecha.
_922525
901 _aBK
942 _cFOLL
949 _bBC
_cTES
_d-144310
_eTS1
_h29039
_i65152
_si
949 _bBC
_cTES
_d33724000089959
_eTS2
_fc.2
_h29040
_i65152
_si
999 _c60016
_d60016